000 02214cam a2200541 a 4500
001 20693
003 VRT
005 20260129153638.0
008 130620s1984 xo g 0000f slo
015 _aSNBA1984/08
020 _q(viaz.)
035 _aSNK000062146
039 9 _a202512141718
_bAUTHORITY
_c202409101519
_dcsnk01
_c202409101518
_dcsnk01
_c202409101518
_dcsnk01
040 _aSNK
_bslo
_cSNK
_eAACR2
041 0 _aslo
_hdut
044 _axo
_cSK
080 _a839.3-3
_21981
100 1 _aHeeresma, Faber,
_d1939-1969
_4aut
245 1 _aBonboniéra pre Belindu ; Špeciálne po španielsky ; Haló, haló... ste to vy, Plotsky?
_cFaber a Heere Heeresma ; z holandských originálov preložila Júlia Májeková
250 _a1. vyd.
260 _aBratislava
_bSlovenský spisovateľ
_c1984
_eTrnava
_fPolygrafické závody
300 _a454 s.
_c21 cm
366 _e80000 výtl.
490 1 _aZelená knižnica
655 7 _aholandské romány
_2SNKPH
655 7 _adetektívne romány
_2SNKPH
700 1 _aHeeresma, Heere,
_d1932-2011
_4aut
700 1 _aMájeková, Júlia,
_d1919-1991
_4trl
700 1 _aLongauer, Ľubomír,
_d1948-2025
_4bjd
700 1 2 _aHeeresma, Faber,
_d1939-1969
_tBonbons voor Belinda
_lSlovensky
700 1 2 _aHeeresma, Faber,
_d1939-1969
_tBijzonder Spaans
_lSlovensky
700 1 2 _aHeeresma, Faber,
_d1939-1969
_tHallo hallo ... Bent u dar Plotsky?
_lSlovensky
700 1 2 _aHeeresma, Heere,
_d1932-2011
_tBonbons voor Belinda
_lSlovensky
700 1 2 _aHeeresma, Heere,
_d1932-2011
_tBijzonder Spaans
_lSlovensky
700 1 2 _aHeeresma, Heere,
_d1932-2011
_tHallo hallo ... Bent u dar Plotsky?
_lSlovensky
740 0 2 _aŠpeciálne po španielsky
740 0 2 _aHaló, haló... ste to vy, Plotsky?
830 0 _aZelená knižnica
942 _2ddc
_cKLDO
_n0
949 _617A0914758
_asnkSC 60719
_bsnkKSP 5071/84
949 _617A1280801
_asnkSC 60719 D1
_bsnkKSP 5072/84
949 _64710701221
_astrmkB
_bstrmk2008/1221
949 _64710701222
_astrmkB
_bstrmk2008/1222
949 _64710700505
_astrmkB
_bstrmk2008/505
949 _6273K0093670
_asvkpoA 130007
_bsvkpo306159
999 _c20693
_d20693